| Поле | Инд. | ПП | Название | Значение |
|---|---|---|---|---|
| Тип записи | a | |||
| Библиографический уровень | m | |||
| 001 | Контрольный номер | f9e03dd6-3c83-4a20-b0ae-4f47f970d570 | ||
| 005 | Дата корректировки | 20140226210916.8 | ||
| 008 | Кодируемые данные | 991224 d | ||
| 020 | a | ISBN | 2-01-15-5016-5 | |
| 040 | a | Служба первич. каталог. | НБ ТвГУ | |
| 041 | a | Код языка текста | fre | |
| 080 | a | Индекс УДК | 804.0(075.8) | |
| 084 | a | Индекс другой классификации/Индекс ББК | Ш147.11-923 | |
| a | Индекс другой классификации/Индекс ББК | Ш147.11-928 | ||
| 090 | c | Каталожный индекс | Ш147.11-923 + Ш147.11-928 | |
| x | Авторский знак | C13 | ||
| a | Полочн. индекс | Ш147.11 | ||
| 100 | 2_ | a | Автор | Kaneman-Pougatch Massia |
| 245 | 0_ | a | Заглавие | Cafe-creme |
| n | Номер части/ раздела | 1 | ||
| b | Продолж. заглавия | Methode de francais | ||
| c | Ответственность | Massia Kaneman-Pougatch, Marcella Beacco di Giura, Sandra Trevisi, Dominique Jennepin | ||
| 260 | 0_ | a | Место издания | Paris |
| b | Издательство | Hachette livre | ||
| c | Дата издания | 1997 | ||
| 300 | a | Объем | 191,[1] c. | |
| b | Иллюстрации/ тип воспроизводства | ill. | ||
| 440 | a | Серия | Francais langgue etrangere | |
| 650 | a | Основная рубрика | Французский язык | |
| x | Основная подрубрика | Учебники для вузов | ||
| x | Основная подрубрика | Самоучители | ||
| 653 | a | Ключевые слова | Французский язык | |
| 700 | 1_ | a | Другие авторы | Beacco di Giura Marcella |
| 700 | 1_ | a | Другие авторы | Trevisi Sandra |
| 700 | 1_ | a | Другие авторы | Jennepin Dominique |
| 852 | t | Порядковый номер экземпляра | 1 | |
| 930 | a | Новая/Ретро | фра | |
| a | Новая/Ретро | учебники | ||
| 954 | a | Дата поступления на обработку | 19991103 | |
| 999 | a | Подразделение 2 | Каб.УиС |